| 000 | 00993nam a2200253 a 4500 | ||
|---|---|---|---|
| 001 | 47772 | ||
| 003 | BD-RjUL | ||
| 005 | 20211209054406.0 | ||
| 008 | 160810s1981 b |||| |||| 00| 0 ben d | ||
| 020 | _a: TK. 15.00 | ||
| 035 | _a(BD-RjUL)47891 | ||
| 040 |
_aBD-RjUL _bben _cBD-RjUL |
||
| 041 | _aben | ||
| 082 |
_223 _a813 _bMET 1981 |
||
| 100 | 1 |
_aমেলভিল, হারমান _9145001 |
|
| 245 | 1 | 0 |
_aত্রিধারা : _cরায়হানা খান (অনুবাদক) _bতিনটি ছোট উপন্যসের সংকলন / |
| 250 | _a২য় সং. | ||
| 260 |
_aঢাকা : _bনওরোজ কিস্তিবিতান, _c১৯৮১ |
||
| 300 |
_a[৮], ২১৫ পৃ. ; _c২১ সেমি. |
||
| 650 |
_aআমেরিকান-- _vউপন্যাস _9145002 |
||
| 650 |
_aAmerican--- _vFiction _9145003 |
||
| 700 |
_aখান, রায়হানা (অনুবাদক) _9145004 |
||
| 942 |
_2ddc _cBK |
||
| 999 |
_c47772 _d47772 |
||